Statistiques concernant Le Nom des filmes et séries Star Wars

Cliquez ici pour prendre le quiz!

Statistiques générales

  • Ce quiz a été pris 227 fois
  • Le résultat moyen est 7 sur 17

Statistiques - réponses

Réponse% Correct
Star Wars The Clone Wars
79%
Star Wars Clone Wars
70%
Star Wars L'empire Contre Attaque
64%
Star Wars Le Retour du Jedi
62%
Star Wars Un Nouvel Espoir
61%
Star Wars La Revanche des Sith
59%
The Mandalorian
52%
Star Wars Le Réveil de la force
47%
Star Wars Les Derniers Jedi
46%
Star Wars L'Ascension de Skywalker
44%
Star Wars Rebels
39%
Le Livre de Boba Fett
32%
The Bad Batch
20%
Star Wars Resistance
18%
Star Wars Visions
7%
Star Wars Force du Destin
0%
Star Wars la Menace Phantoms
0%

Distribution des résultats

Percentile par nombre de réponses

% des personnes avec chaque résultat

Votre développement - résultats

Vous n’avez pas pris ce quiz